000
00322nam a2200133Ia 4500
008
220204s9999 xx 000 0 und d
082
_a
612.39
_b
STA
100
_a
McWilliams, Margaret
245
0
_a
Living nutrition
250
_a
2
260
_a
New York
_b
John Wiley
_c
1973
700
_a
Stare, Frederick J
942
_c
BK
999
_c
25780
_d
25780